[Event "Warsaw Najdorf Memorial op-B"]
[Site "Warsaw"]
[Date "2022.07.13"]
[Round "5"]
[White "Mazurkiewicz, Wojciech"]
[Black "Michalowski, Patryk"]
[Result "0-1"]
[WhiteElo "1469"]
[BlackElo "1726"]
[PlyCount "50"]
[EventDate "2022.07.09"]
[EventType "swiss"]
[EventRounds "9"]
[EventCountry "POL"]
[SourceTitle "CBM 209 Extra"]
[Source "ChessBase"]
[SourceDate "2022.09.30"]
[SourceVersion "1"]
[SourceVersionDate "2022.09.30"]
[SourceQuality "1"]

1. e4 c5 2. c3 Nf6 3. e5 Nd5 4. d4 cxd4 5. Nf3 e6 6. cxd4 b6 7. Bd2 Bb7 8. Nc3 Nxc3 9. Bxc3 d6 10. Bb5+ Nd7 11. 0-0 a6 12. Be2 dxe5 13. Nxe5 Nxe5 14. dxe5 Be7 15. Qa4+ b5 16. Qg4 0-0 17. Rfd1 Qc7 18. Rac1 Rfd8 19. Bd3 Rac8 20. Qf4 Qb6 21. Be4 Rc4 22. Rxd8+ Qxd8 23. Re1 Bxe4 24. Rxe4 Qd3 25. Qe3 Qxe4 0-1

[Event "Warsaw YMCA Autumn-C 222nd"]
[Site "Warsaw"]
[Date "2019.11.22"]
[Round "10"]
[White "Mazurkiewicz, Wojciech"]
[Black "Wyczesany, Dariusz"]
[Result "1/2-1/2"]
[WhiteElo "1550"]
[BlackElo "1511"]
[PlyCount "49"]
[EventDate "2019.09.19"]
[EventType "tourn"]
[EventRounds "13"]
[EventCountry "POL"]
[SourceTitle "CBM 195 Extra"]
[Source "ChessBase"]
[SourceDate "2020.05.31"]
[SourceVersion "1"]
[SourceVersionDate "2020.05.31"]
[SourceQuality "1"]

1. e4 d6 2. d4 g6 3. Nc3 Bg7 4. Nf3 Nd7 5. Be3 a6 6. a4 b6 7. Bc4 e6 8. Qd2 h6 9. 0-0 Bb7 10. d5 e5 11. h3 Ne7 12. Nh2 f5 13. f4 exf4 14. Bd4 Ne5 15. Bxe5 dxe5 16. Rae1 Qd6 17. Qe2 Rf8 18. Nf3 Rf7 19. exf5 Nxf5 20. Nxe5 Ng3 21. Qf2 Bxe5 22. Rxe5+ Qxe5 23. Re1 Qxe1+ 24. Qxe1+ Re7 25. Qf2 1/2-1/2

[Event "Warsaw YMCA Autumn-C 222nd"]
[Site "Warsaw"]
[Date "2019.11.13"]
[Round "9"]
[White "Mazurkiewicz, Wojciech"]
[Black "Borowski, Marek"]
[Result "1/2-1/2"]
[WhiteElo "1550"]
[BlackElo "1509"]
[PlyCount "73"]
[EventDate "2019.09.19"]
[EventType "tourn"]
[EventRounds "13"]
[EventCountry "POL"]
[SourceTitle "CBM 195 Extra"]
[Source "ChessBase"]
[SourceDate "2020.05.31"]
[SourceVersion "1"]
[SourceVersionDate "2020.05.31"]
[SourceQuality "1"]

1. e4 e6 2. d4 d5 3. e5 c5 4. c3 Nc6 5. Nf3 Bd7 6. Be2 cxd4 7. cxd4 Qb6 8. 0-0 Nge7 9. Nc3 Na5 10. b3 Rc8 11. Qd2 Nf5 12. Bb2 Bb4 13. Rac1 Nc6 14. a3 Ncxd4 15. Nxd4 Nxd4 16. axb4 Nxb3 17. Qg5 Nxc1 18. Qxg7 Nxe2+ 19. Nxe2 Rf8 20. Ra1 Rc2 21. Bd4 Qxb4 22. h3 Rxe2 23. Rxa7 Rc2 24. Be3 Rc8 25. Bh6 Rb8 26. Ra2 Bb5 27. Rb2 Qe1+ 28. Kh2 Kd7 29. Rxb5 b6 30. Qf6 Kc6 31. Rb3 Rg8 32. Be3 Qf1 33. g3 Qc4 34. Rb1 Qe4 35. Qxf7 Qxb1 36. Qxe6+ Kb7 37. Qd7+ 1/2-1/2

[Event "Warsaw YMCA Autumn-C 222nd"]
[Site "Warsaw"]
[Date "2019.09.25"]
[Round "1"]
[White "Mazurkiewicz, Wojciech"]
[Black "Winogrodzki, Jozef"]
[Result "1-0"]
[WhiteElo "1550"]
[BlackElo "1415"]
[PlyCount "77"]
[EventDate "2019.09.19"]
[EventType "tourn"]
[EventRounds "13"]
[EventCountry "POL"]
[SourceTitle "CBM 195 Extra"]
[Source "ChessBase"]
[SourceDate "2020.05.31"]
[SourceVersion "1"]
[SourceVersionDate "2020.05.31"]
[SourceQuality "1"]

1. e4 c5 2. c3 d5 3. exd5 Qxd5 4. d4 Nf6 5. Nf3 Bg4 6. Be2 e6 7. Be3 Nbd7 8. Nbd2 Be7 9. h3 Bh5 10. 0-0 0-0 11. Re1 Rac8 12. Qb3 Qxb3 13. axb3 a6 14. g4 Bg6 15. Nh4 Nd5 16. Nxg6 hxg6 17. Bf3 Nxe3 18. fxe3 Rc7 19. Ne4 cxd4 20. exd4 g5 21. Ra5 f6 22. Ng3 Kf7 23. d5 Bc5+ 24. Kg2 e5 25. b4 Bb6 26. d6 Bxa5 27. dxc7 Bxc7 28. Bxb7 a5 29. bxa5 Bxa5 30. b4 Bb6 31. c4 Bd4 32. Nf5 Bc3 33. Rd1 Nb6 34. c5 Nc8 35. Bxc8 Bxb4 36. Rd7+ Kg8 37. Rxg7+ Kh8 38. Rc7 Rd8 39. Nd6 1-0

[Event "Warsaw YMCA Spring-B 214th"]
[Site "Warsaw"]
[Date "2019.06.13"]
[Round "10"]
[White "Mazurkiewicz, Wojciech"]
[Black "Kalejta, Arkadiusz"]
[Result "1/2-1/2"]
[WhiteElo "1595"]
[BlackElo "1707"]
[PlyCount "38"]
[EventDate "2019.04.11"]
[EventType "tourn"]
[EventRounds "11"]
[EventCountry "POL"]
[SourceTitle "EXT 2020"]
[Source "ChessBase"]
[SourceDate "2019.10.17"]
[SourceVersion "1"]
[SourceVersionDate "2019.10.17"]
[SourceQuality "1"]

1. e4 c5 2. c3 d5 3. exd5 Qxd5 4. d4 cxd4 5. cxd4 Nc6 6. Nf3 e6 7. Nc3 Qd8 8. a3 Nf6 9. Bc4 Be7 10. 0-0 0-0 11. d5 exd5 12. Nxd5 Nxd5 13. Qxd5 Qb6 14. b4 Be6 15. Qe4 Bf6 16. Be3 Qc7 17. Bf4 Qb6 18. Be3 Qc7 19. Bf4 Qb6 1/2-1/2

[Event "Warsaw YMCA Spring-B 214th"]
[Site "Warsaw"]
[Date "2019.05.30"]
[Round "8"]
[White "Mazurkiewicz, Wojciech"]
[Black "Mlynarski, Zbigniew"]
[Result "0-1"]
[WhiteElo "1595"]
[BlackElo "1625"]
[PlyCount "100"]
[EventDate "2019.04.11"]
[EventType "tourn"]
[EventRounds "11"]
[EventCountry "POL"]
[SourceTitle "EXT 2020"]
[Source "ChessBase"]
[SourceDate "2019.10.17"]
[SourceVersion "1"]
[SourceVersionDate "2019.10.17"]
[SourceQuality "1"]

1. e4 c5 2. c3 d5 3. exd5 Qxd5 4. d4 Nc6 5. Nf3 cxd4 6. cxd4 e6 7. Nc3 Bb4 8. Bd3 Nf6 9. 0-0 Qd8 10. Be3 0-0 11. Qe2 Nd5 12. Nxd5 exd5 13. Ng5 h6 14. Qh5 f5 15. Nf3 Qf6 16. Ne5 Nxe5 17. dxe5 Qxe5 18. a3 Bd6 19. Rfe1 Qe8 20. Qh4 Qf7 21. f4 Bd7 22. Rac1 Be7 23. Qf2 b6 24. Bd4 Rac8 25. Ba6 Rxc1 26. Rxc1 Bd6 27. Qf3 Re8 28. Bd3 Rc8 29. Rxc8+ Bxc8 30. b4 Bb7 31. Qe3 g6 32. Bc3 Bf8 33. Qe5 Bg7 34. Qb8+ Kh7 35. Bxg7 Qxg7 36. Qxa7 Qd4+ 37. Kf1 Qxd3+ 38. Kg1 Qe3+ 39. Kf1 Qxf4+ 40. Kg1 Qc7 41. Qa4 d4 42. Qb3 Qc1+ 43. Kf2 Qd2+ 44. Kf1 Qxg2+ 45. Ke1 Qh1+ 46. Kd2 Qxh2+ 47. Kc1 Qf4+ 48. Kb2 Qd2+ 49. Ka1 Qc3+ 50. Qxc3 dxc3 0-1

[Event "Warsaw YMCA Autumn-C 207th"]
[Site "Warsaw"]
[Date "2018.11.07"]
[Round "8"]
[White "Mazurkiewicz, Wojciech"]
[Black "Wiktorowski, Janusz"]
[Result "1-0"]
[WhiteElo "1476"]
[BlackElo "1447"]
[PlyCount "91"]
[EventDate "2018.09.18"]
[EventType "tourn"]
[EventRounds "13"]
[EventCountry "POL"]
[SourceTitle "EXT 2021"]
[Source "ChessBase"]
[SourceDate "2020.10.23"]
[SourceVersion "1"]
[SourceVersionDate "2020.10.23"]
[SourceQuality "1"]

1. e4 e5 2. Nf3 Nc6 3. Bc4 Bc5 4. c3 Nf6 5. d4 exd4 6. e5 d5 7. Bb5 Ne4 8. cxd4 Bb4+ 9. Bd2 0-0 10. Bxb4 Nxb4 11. 0-0 Bg4 12. Nbd2 Nxd2 13. Qxd2 Bxf3 14. Qxb4 Qg5 15. g3 h5 16. Qc3 Bg4 17. Qe3 Qf5 18. Bd3 Qe6 19. Rac1 c6 20. Rfe1 g6 21. h4 Bf5 22. Bxf5 Qxf5 23. Qg5 Kg7 24. Rc3 Rae8 25. Rce3 Re6 26. Kg2 f6 27. Qxf5 gxf5 28. exf6+ Rexf6 29. Re7+ R6f7 30. Kf3 Rxe7 31. Rxe7+ Rf7 32. Rxf7+ Kxf7 33. Kf4 Kf6 34. b4 b6 35. f3 Ke6 36. g4 fxg4 37. fxg4 hxg4 38. Kxg4 a5 39. a3 axb4 40. axb4 c5 41. bxc5 bxc5 42. dxc5 d4 43. h5 Kd5 44. h6 d3 45. Kf3 Kxc5 46. h7 1-0

[Event "Warsaw YMCA Autumn-C 207th"]
[Site "Warsaw"]
[Date "2018.10.03"]
[Round "3"]
[White "Duda, Ryszard"]
[Black "Mazurkiewicz, Wojciech"]
[Result "1/2-1/2"]
[WhiteElo "1502"]
[BlackElo "1476"]
[PlyCount "101"]
[EventDate "2018.09.18"]
[EventType "tourn"]
[EventRounds "13"]
[EventCountry "POL"]
[SourceTitle "EXT 2021"]
[Source "ChessBase"]
[SourceDate "2020.10.23"]
[SourceVersion "1"]
[SourceVersionDate "2020.10.23"]
[SourceQuality "1"]

1. e4 e5 2. Nf3 Nf6 3. Nxe5 d6 4. Nf3 Nxe4 5. d4 d5 6. Bd3 Nc6 7. 0-0 Be7 8. Re1 Bg4 9. c4 Nf6 10. cxd5 Nxd4 11. Qa4+ c6 12. Nxd4 Qxd5 13. Nc3 Qd7 14. Be3 0-0 15. Be2 Rfe8 16. Bxg4 Nxg4 17. Nf3 Nxe3 18. Rxe3 Bc5 19. Rxe8+ Rxe8 20. Qc2 h6 21. h3 Bb6 22. Rd1 Qe6 23. Re1 Qd7 24. Rxe8+ Qxe8 25. Qf5 f6 26. Qg4 Qe7 27. Ne4 Qf7 28. Ng3 Bc7 29. Nf5 h5 30. Qe4 Qxa2 31. Qe8+ Kh7 32. Qxh5+ Kg8 33. Qe8+ Kh7 34. g3 Qb1+ 35. Kg2 Qxf5 36. Qe7 Bb6 37. Qe2 Qb5 38. Qe4+ f5 39. Qe6 Qd5 40. Qe7 c5 41. Qg5 Qe4 42. Qh5+ Kg8 43. Kh2 Qe2 44. Qxf5 Qxf2+ 45. Kh1 Qxg3 46. Qc8+ Kh7 47. Qf5+ Qg6 48. Ng5+ Kh6 49. Nf7+ Kh7 50. Ng5+ Kh6 51. Nf7+ 1/2-1/2

[Event "Warsaw YMCA Spring-C 200th"]
[Site "Warsaw"]
[Date "2018.06.20"]
[Round "12"]
[White "Mazurkiewicz, Wojciech"]
[Black "Wiktorowski, Janusz"]
[Result "1/2-1/2"]
[WhiteElo "1494"]
[BlackElo "1430"]
[PlyCount "55"]
[EventDate "2018.04.05"]
[EventType "tourn"]
[EventRounds "13"]
[EventCountry "POL"]
[SourceTitle "EXT 2021"]
[Source "ChessBase"]
[SourceDate "2020.10.23"]
[SourceVersion "1"]
[SourceVersionDate "2020.10.23"]
[SourceQuality "1"]

1. e4 e5 2. Nf3 Nc6 3. Bc4 Bc5 4. 0-0 Nf6 5. Nc3 0-0 6. d3 h6 7. Be3 Bd4 8. Bxd4 Nxd4 9. Nxe5 d6 10. Nxf7 Rxf7 11. Bxf7+ Kxf7 12. h3 Kg8 13. f4 Qe7 14. Nd5 Nxd5 15. exd5 Qe3+ 16. Kh2 Bf5 17. c3 Bxd3 18. cxd4 Bxf1 19. Qxf1 Qxd4 20. Rc1 Rc8 21. Qf3 Qxb2 22. Qg4 Qxc1 23. Qxc8+ Kh7 24. Qf5+ Kh8 25. Qf8+ Kh7 26. Qf5+ Kg8 27. Qc8+ Kh7 28. Qf5+ 1/2-1/2

[Event "Warsaw YMCA Spring-C 200th"]
[Site "Warsaw"]
[Date "2018.06.13"]
[Round "11"]
[White "Bartczak, Hanna"]
[Black "Mazurkiewicz, Wojciech"]
[Result "1-0"]
[WhiteElo "1401"]
[BlackElo "1494"]
[PlyCount "101"]
[EventDate "2018.04.05"]
[EventType "tourn"]
[EventRounds "13"]
[EventCountry "POL"]
[SourceTitle "EXT 2021"]
[Source "ChessBase"]
[SourceDate "2020.10.23"]
[SourceVersion "1"]
[SourceVersionDate "2020.10.23"]
[SourceQuality "1"]

1. Nf3 Nf6 2. d4 e6 3. c4 Bb4+ 4. Nc3 d5 5. e3 c5 6. Bd2 Nc6 7. dxc5 Bxc5 8. cxd5 exd5 9. Bb5 0-0 10. 0-0 Bg4 11. Be2 d4 12. Nxd4 Nxd4 13. Bxg4 Nxg4 14. Qxg4 f5 15. Qd1 Ne6 16. Qb3 Qe7 17. Ne2 Kh8 18. Bc3 Ng5 19. Nf4 Ne4 20. Nd5 Qf7 21. Rad1 Rad8 22. Nf4 Qxb3 23. axb3 Kg8 24. Ne6 Rxd1 25. Rxd1 Re8 26. Nxc5 Nxc5 27. b4 Ne4 28. Rd7 Nxc3 29. bxc3 Rc8 30. Rd3 Rc7 31. Kf1 Kf7 32. Ke2 Re7 33. Kd2 Ke6 34. Rd4 b5 35. Kd3 a6 36. e4 g6 37. f4 Kf7 38. e5 h6 39. Rd6 Re6 40. Rxe6 Kxe6 41. Kd4 Kd7 42. Kc5 Kc7 43. h4 Kd7 44. Kb6 Ke6 45. Kxa6 g5 46. hxg5 hxg5 47. fxg5 Kxe5 48. Kxb5 f4 49. g6 Kf6 50. g7 Kxg7 51. c4 1-0

[Event "Warsaw YMCA Spring-C 200th"]
[Site "Warsaw"]
[Date "2018.04.25"]
[Round "4"]
[White "Kwiecinski, Rafal"]
[Black "Mazurkiewicz, Wojciech"]
[Result "1-0"]
[WhiteElo "1476"]
[BlackElo "1494"]
[PlyCount "79"]
[EventDate "2018.04.05"]
[EventType "tourn"]
[EventRounds "13"]
[EventCountry "POL"]
[SourceTitle "EXT 2021"]
[Source "ChessBase"]
[SourceDate "2020.10.23"]
[SourceVersion "1"]
[SourceVersionDate "2020.10.23"]
[SourceQuality "1"]

1. e4 e5 2. Bc4 Nf6 3. d3 c6 4. Qe2 Bc5 5. h3 0-0 6. Nf3 d5 7. Bb3 Bd6 8. Bg5 Be6 9. Nbd2 a5 10. a4 h6 11. Bh4 Nbd7 12. Nh2 Qc7 13. Ng4 Nh7 14. f3 f5 15. Ne3 Nc5 16. exf5 Bxf5 17. 0-0 Be6 18. Rac1 Qf7 19. Ng4 Qg6 20. Kh1 Rf5 21. Bf2 Re8 22. Rce1 Nd7 23. Bg1 h5 24. Nh2 Ng5 25. Be3 Qf6 26. c3 d4 27. Bxg5 Rxg5 28. Ne4 Qf4 29. Bxe6+ Rxe6 30. Nxg5 e4 31. g4 Qxg5 32. fxe4 Nf6 33. cxd4 Bg3 34. Rc1 Rd6 35. Rc5 Qg6 36. gxh5 Qh6 37. Ng4 Nxg4 38. hxg4 b6 39. Rcf5 Rf6 40. g5 1-0

[Event "Warsaw YMCA Summer-B 188th"]
[Site "Warsaw"]
[Date "2017.08.08"]
[Round "9"]
[White "Majek, Kacper"]
[Black "Mazurkiewicz, Wojciech"]
[Result "1/2-1/2"]
[WhiteElo "1499"]
[BlackElo "1429"]
[PlyCount "77"]
[EventDate "2017.07.04"]
[EventType "tourn"]
[EventRounds "10"]
[EventCountry "POL"]
[SourceTitle "EXT 2019"]
[Source "ChessBase"]
[SourceDate "2018.10.10"]
[SourceVersion "1"]
[SourceVersionDate "2018.10.10"]
[SourceQuality "1"]

1. b3 d5 2. Bb2 Nc6 3. e3 a6 4. Nf3 Bg4 5. Be2 Qd7 6. 0-0 0-0-0 7. d3 f6 8. Nbd2 e5 9. c4 Bb4 10. cxd5 Qxd5 11. Nc4 Nge7 12. a3 Bc5 13. d4 exd4 14. Nxd4 Bxe2 15. Nxe2 b5 16. Qxd5 Rxd5 17. Nf4 Rd7 18. b4 Ba7 19. Na5 Nxa5 20. bxa5 c5 21. Rfc1 Kb7 22. Ne6 Nc6 23. Nxc5+ Bxc5 24. Rxc5 Nxa5 25. Rc2 Rhd8 26. g4 Nb3 27. Rb1 Rd1+ 28. Rxd1 Rxd1+ 29. Kg2 Rd2 30. Rxd2 Nxd2 31. f4 Nc4 32. Bc1 a5 33. Kf3 b4 34. axb4 axb4 35. Ke4 b3 36. Kd5 b2 37. Bxb2 Nxb2 38. Ke6 Nd1 39. Kf7 1/2-1/2

[Event "Warsaw YMCA Spring-C 185th"]
[Site "Warsaw"]
[Date "2017.06.21"]
[Round "13"]
[White "Mazurkiewicz, Wojciech"]
[Black "Szynalski, Bartosz"]
[Result "1/2-1/2"]
[WhiteElo "1482"]
[BlackElo "1517"]
[PlyCount "98"]
[EventDate "2017.04.06"]
[EventType "tourn"]
[EventRounds "13"]
[EventCountry "POL"]
[SourceTitle "EXT 2019"]
[Source "ChessBase"]
[SourceDate "2018.10.10"]
[SourceVersion "1"]
[SourceVersionDate "2018.10.10"]
[SourceQuality "1"]

1. e4 c5 2. c3 d5 3. exd5 Qxd5 4. d4 Nf6 5. Nf3 e6 6. Be3 b6 7. Nbd2 Bb7 8. Bc4 Qd8 9. 0-0 Be7 10. Bb5+ Nbd7 11. Ne5 0-0 12. Ndf3 Nxe5 13. Nxe5 cxd4 14. Qxd4 Qd5 15. Qxd5 Nxd5 16. Bd2 a6 17. Bc6 Bxc6 18. Nxc6 Bf6 19. Rfe1 Rac8 20. Ne5 Rfd8 21. Ng4 Be7 22. Rad1 b5 23. Bc1 Nb6 24. Be3 Nc4 25. Rxd8+ Rxd8 26. b3 Na3 27. Bd4 Nc2 28. Rd1 b4 29. Rd2 h5 30. Ne3 Nxe3 31. Bxe3 bxc3 32. Rxd8+ Bxd8 33. Kf1 Bc7 34. h3 f5 35. g3 e5 36. Ke2 c2 37. Kd2 f4 38. gxf4 exf4 39. Bd4 g5 40. Kxc2 Kf7 41. Kd3 g4 42. hxg4 hxg4 43. Kc4 g3 44. fxg3 fxg3 45. b4 g2 46. Bg1 Bb8 47. b5 axb5+ 48. Kxb5 Bg3 49. a4 Be1 1/2-1/2

[Event "Warsaw YMCA Spring-C 185th"]
[Site "Warsaw"]
[Date "2017.06.07"]
[Round "11"]
[White "Mazurkiewicz, Wojciech"]
[Black "Wangrat, Jan"]
[Result "1/2-1/2"]
[WhiteElo "1482"]
[BlackElo "1451"]
[PlyCount "38"]
[EventDate "2017.04.06"]
[EventType "tourn"]
[EventRounds "13"]
[EventCountry "POL"]
[SourceTitle "EXT 2019"]
[Source "ChessBase"]
[SourceDate "2018.10.10"]
[SourceVersion "1"]
[SourceVersionDate "2018.10.10"]
[SourceQuality "1"]

1. e4 c5 2. c3 d5 3. exd5 Qxd5 4. d4 Nc6 5. Nf3 Bf5 6. Be3 e6 7. dxc5 Qxd1+ 8. Kxd1 0-0-0+ 9. Ke1 Nf6 10. Nbd2 Be7 11. h3 Nd5 12. Nc4 Nxe3 13. Nxe3 Bxc5 14. Bb5 Bg6 15. Bxc6 bxc6 16. Ne5 Kc7 17. Nxg6 hxg6 18. Ke2 Rb8 19. b3 Rhd8 1/2-1/2